[Event "Avoine op 35th"]
[Site "Avoine"]
[Date "2021.07.??"]
[Round "4.9"]
[White "Taille, Jean Yves"]
[Black "Devallee, Jeremie"]
[Result "0-1"]
[WhiteElo "1970"]
[BlackElo "2220"]
[PlyCount "70"]
[EventDate "2021.07.18"]
[EventType "swiss"]
[EventRounds "9"]
[EventCountry "FRA"]
[SourceTitle "EXT 2023"]
[Source "ChessBase"]
[SourceDate "2022.10.05"]
[SourceVersion "1"]
[SourceVersionDate "2022.10.05"]
[SourceQuality "1"]

1. e4 c5 2. Nf3 d6 3. d4 cxd4 4. Nxd4 Nf6 5. Nc3 Nc6 6. Bc4 Bd7 7. 0-0 g6 8. Be3 Bg7 9. f4 0-0 10. h3 Qb6 11. Bb3 Nxe4 12. Nf5 Nxc3 13. bxc3 Qa5 14. Nxg7 Qxc3 15. Re1 Kxg7 16. Bd5 e6 17. Bb3 d5 18. Qg4 h5 19. Qe2 Nd4 20. Qf2 Nf5 21. Bd2 Qg3 22. Qxg3 Nxg3 23. Bc3+ f6 24. Rad1 b5 25. Bb4 Rfe8 26. Ba5 h4 27. Re3 Rac8 28. Be1 Nf5 29. Red3 Bc6 30. Kh2 d4 31. Bf2 e5 32. R3d2 a5 33. a3 a4 34. Ba2 Be4 35. Bb1 Rc3 0-1

[Event "Avoine op 32nd"]
[Site "Avoine"]
[Date "2017.07.29"]
[Round "8"]
[White "Ravot, Sylvain"]
[Black "Taille, Jean Yves"]
[Result "1-0"]
[WhiteElo "2241"]
[BlackElo "1977"]
[PlyCount "81"]
[EventDate "2017.07.22"]
[EventType "swiss"]
[EventRounds "9"]
[EventCountry "FRA"]
[SourceTitle "CBM 179 Extra"]
[Source "ChessBase"]
[SourceDate "2017.08.23"]
[SourceVersion "1"]
[SourceVersionDate "2017.08.23"]
[SourceQuality "1"]

1. e4 c5 2. Nf3 d6 3. c3 Nf6 4. Be2 e6 5. 0-0 Be7 6. Re1 0-0 7. Bf1 Nbd7 8. d4 cxd4 9. cxd4 b6 10. Nc3 Bb7 11. Bd3 e5 12. Bc2 Re8 13. d5 Rf8 14. h3 Ne8 15. g4 g6 16. Bh6 Ng7 17. Kh2 a6 18. Ne2 b5 19. Qd2 Nb6 20. b3 Rc8 21. Rac1 Qc7 22. Rg1 f6 23. Bb1 Qb8 24. Rcd1 Qc7 25. Rc1 Qb8 26. Rcd1 Qc7 27. Ng3 Qc3 28. Qe2 Nd7 29. Nh4 Rf7 30. Nhf5 gxf5 31. gxf5 Kh8 32. Nh5 Nxf5 33. exf5 Bf8 34. Bd2 Qd4 35. Be3 Qb4 36. Rg4 Qa5 37. Rdg1 Be7 38. Bh6 Bxd5 39. Rg7 Rcf8 40. Qg4 Bd8 41. Rxf7 1-0

[Event "Avoine op 32nd"]
[Site "Avoine"]
[Date "2017.07.23"]
[Round "2"]
[White "Lejarre, Ludovic"]
[Black "Taille, Jean Yves"]
[Result "1-0"]
[WhiteElo "2335"]
[BlackElo "1977"]
[PlyCount "37"]
[EventDate "2017.07.22"]
[EventType "swiss"]
[EventRounds "9"]
[EventCountry "FRA"]
[SourceTitle "CBM 179 Extra"]
[Source "ChessBase"]
[SourceDate "2017.08.23"]
[SourceVersion "1"]
[SourceVersionDate "2017.08.23"]
[SourceQuality "1"]

1. e4 c5 2. Nc3 d6 3. f4 g6 4. Nf3 Bg7 5. Bb5+ Bd7 6. Bc4 Nc6 7. 0-0 e6 8. d3 Nge7 9. f5 d5 10. exd5 exd5 11. Nxd5 Bxf5 12. Bg5 0-0 13. Qe1 Re8 14. Qh4 Be6 15. Nf6+ Bxf6 16. Bxf6 Bxc4 17. dxc4 Qd6 18. Ng5 h5 19. Nxf7 1-0

[Event "Avoine op 31st"]
[Site "Avoine"]
[Date "2016.07.26"]
[Round "4"]
[White "Eugene, Floryan"]
[Black "Taille, Jean Yves"]
[Result "1-0"]
[WhiteElo "2199"]
[BlackElo "1947"]
[PlyCount "101"]
[EventDate "2016.07.23"]
[EventType "swiss"]
[EventRounds "9"]
[EventCountry "FRA"]
[SourceTitle "CBM 173 Extra"]
[Source "ChessBase"]
[SourceDate "2016.08.29"]
[SourceVersion "1"]
[SourceVersionDate "2016.08.29"]
[SourceQuality "1"]

1. e4 c5 2. Nf3 d6 3. d4 cxd4 4. Qxd4 Nc6 5. Bb5 Bd7 6. Bxc6 Bxc6 7. Nc3 Nf6 8. Bg5 e6 9. Qd3 Be7 10. Nd4 Qc7 11. 0-0-0 0-0 12. f4 a6 13. h4 Rac8 14. Nxc6 Qxc6 15. e5 dxe5 16. fxe5 Rfd8 17. Qe2 Rxd1+ 18. Rxd1 Nd5 19. Bxe7 Nxe7 20. Ne4 Nd5 21. c3 b5 22. Rd4 h6 23. Kb1 Rc7 24. Qd3 Kf8 25. g4 Ke7 26. g5 hxg5 27. Qg3 gxh4 28. Qxg7 Kd8 29. Nd6 Rd7 30. Qf8+ Kc7 31. Qc8+ Kb6 32. Qb8+ Ka5 33. Nc4+ Qxc4 34. b4+ Ka4 35. Rxc4 bxc4 36. Kb2 Nc7 37. Qb7 Rd2+ 38. Kb1 Ka3 39. Qxc7 Rb2+ 40. Kc1 Rxa2 41. Qxc4 Ra1+ 42. Kc2 Ra2+ 43. Kd3 h3 44. Qxa6+ Kb2 45. Qb6 h2 46. Qf2+ Kb3 47. Qf1 Rf2 48. Qe1 Ka3 49. b5 Rg2 50. Qh1 Rb2 51. Kc4 1-0